|
|
|
|
| LEADER |
01497nam a22003854a 4500 |
| 001 |
EBC429863 |
| 003 |
MiAaPQ |
| 005 |
20200520144314.0 |
| 006 |
m o d | |
| 007 |
cr cn||||||||| |
| 008 |
021003s2003 enka sb 001 0 eng |
| 010 |
|
|
|z 2002035444
|
| 020 |
|
|
|z 0566085291 (pbk. : alk. paper)
|
| 035 |
|
|
|a (MiAaPQ)EBC429863
|
| 035 |
|
|
|a (Au-PeEL)EBL429863
|
| 035 |
|
|
|a (CaPaEBR)ebr10211383
|
| 035 |
|
|
|a (CaONFJC)MIL109813
|
| 035 |
|
|
|a (OCoLC)437113713
|
| 040 |
|
|
|a MiAaPQ
|c MiAaPQ
|d MiAaPQ
|
| 050 |
|
4 |
|a HD2365
|b .C66 2003
|
| 082 |
0 |
4 |
|a 658.7/23
|2 21
|
| 245 |
0 |
0 |
|a Contracting for project management
|h [electronic resource] /
|c edited by J. Rodney Turner.
|
| 260 |
|
|
|a Aldershot, Hants, England ;
|a Burlington, VT :
|b Gower,
|c c2003.
|
| 300 |
|
|
|a xviii, 143 p. :
|b ill.
|
| 500 |
|
|
|a "This book is derived from the Gower handbook of project management, 3rd edition"--Pref.
|
| 504 |
|
|
|a Includes bibliographical references and index.
|
| 533 |
|
|
|a Electronic reproduction. Ann Arbor, MI : ProQuest, 2015. Available via World Wide Web. Access may be limited to ProQuest affiliated libraries.
|
| 650 |
|
0 |
|a Contracting out.
|
| 650 |
|
0 |
|a Letting of contracts.
|
| 650 |
|
0 |
|a Project management.
|
| 655 |
|
4 |
|a Electronic books.
|
| 700 |
1 |
|
|a Turner, J. Rodney
|q (John Rodney),
|d 1953-
|
| 710 |
2 |
|
|a ProQuest (Firm)
|
| 730 |
0 |
|
|a Gower handbook of project management.
|
| 856 |
4 |
0 |
|u https://ebookcentral.proquest.com/lib/matrademy/detail.action?docID=429863
|z Click to View
|